000 nam a22 a 4500
999 _c402904
_d402904
003 BLK
005 20210325194020.0
008 200203b bu ||||| |||| 00| 0 bu d
040 _aBLK
041 _aFRE
_cFRE
080 _aРечи. Беседи. Проповеди
_z82-5
_b82-5
139 _aDiscours de M. Gueorgui Dimitrov sur la Reponse au Discours du Throne
245 _aDiscours de M. Gueorgui Dimitrov sur la Reponse au Discours du Throne
_b(Fait le 26 Decembre 1945)
257 _aBGR
260 _9219470
_aSofia
_bMin. de l'information et des arts
_c1946
300 _a32 с.
_c16 см
380 _a82
650 7 _9148360
_aБеседи
653 7 _9195537
_aречи
852 _aЦб 3.170.33681
_bЦб
942 _cKNG
_n0
_s1
944 _aCR
_c2021-03-25
_kСТ
_l2021-03-25
999 _d402903
999 _d402902
999 _d348395